Normal view
MARC view
- Howes, Norman R
Entry Personal Name
001 - CONTROL NUMBER
- control field: 58277
003 - CONTROL NUMBER IDENTIFIER
- control field: NUST
005 - DATE AND TIME OF LATEST TRANSACTION
- control field: 20210628202110.0
008 - FIXED-LENGTH DATA ELEMENTS
- fixed length control field: 210628|| aca||aabn | a|a d
040 ## - CATALOGING SOURCE
- Original cataloging agency: NUST
- Transcribing agency: NUST
100 ## - HEADING--PERSONAL NAME
- Personal name: Howes, Norman R
670 ## - SOURCE DATA FOUND
- Source citation: Work cat.: (NUST): Howes, Norman R, Modern project management, successfully integrating project management knowledge areas and processes, 2001
